Código de procedimiento penal anotado: concordancias, jurisprudencia, orígenes
שמור ב:
| מחבר ראשי: | |
|---|---|
| פורמט: | ספר |
| שפה: | ספרדית |
| יצא לאור: |
Santiago
Albatros
1967
|
| סדרה: | Códigos Anotados
|
| נושאים: | |
| תגים: |
הוספת תג
אין תגיות, היה/י הראשונ/ה לתייג את הרשומה!
|
MARC
| LEADER | 00000cam a2200000 a 4500 | ||
|---|---|---|---|
| 001 | UCS3651 | ||
| 003 | CL-VaPUC | ||
| 008 | 970704e19670000CL |||||||||||||||||spa|d | ||
| 082 | 0 | 4 | |a 345.05 |b OTE |2 21 |
| 100 | |a Otero Lathrop, José A. |e autor |9 389879 | ||
| 245 | 1 | 0 | |a Código de procedimiento penal anotado: concordancias, jurisprudencia, orígenes |
| 300 | |a 4 v | ||
| 942 | |c BK | ||
| 945 | |d 19970704 00:00:00 |a lriquelm | ||
| 260 | |a Santiago |b Albatros |c 1967 | ||
| 650 | 0 | |a Procedimiento penal |9 254974 | |
| 650 | 7 | |a DERECHO PENAL |2 CL-VaPUC |9 11 | |
| 650 | 0 | |a Delitos |9 224143 | |
| 650 | 7 | |a DELINCUENTES |2 CL-VaPUC |9 315465 | |
| 650 | 0 | |a Penas |9 255927 | |
| 650 | 0 | |a Libertad |9 255686 | |
| 651 | 7 | |a CHILE |2 CL-VaPUC |9 389860 | |
| 583 | |a last modification |c 20160701 04:05:32 |k Rodrigo Vera | ||
| 490 | 0 | |a Códigos Anotados | |
| 999 | |c 261287 |d 261285 | ||
| 952 | |0 0 |1 0 |4 0 |6 345_050000000000000_OTE_1967 |7 0 |8 A |9 288605 |a BIBDER |b BIBDER |d 2019-11-19 |h v.1 |i 186906K |o 345.05 OTE 1967 |p 186906K |r 2019-11-19 |w 2019-11-19 |y BK |k DER | ||
| 952 | |0 0 |1 0 |4 0 |6 345_050000000000000_OTE_1967 |7 0 |8 A |9 288606 |a BIBDER |b BIBDER |d 2019-11-19 |h v.2 |i 1869078 |o 345.05 OTE 1967 |p 1869078 |r 2019-11-19 |w 2019-11-19 |y BK |k DER | ||
| 952 | |0 0 |1 0 |4 0 |6 345_050000000000000_OTE_1967 |7 0 |8 A |9 288607 |a BIBDER |b BIBDER |d 2019-11-19 |h v.3 |i 1869086 |o 345.05 OTE 1967 |p 1869086 |r 2019-11-19 |w 2019-11-19 |y BK |k DER | ||
| 952 | |0 0 |1 0 |4 0 |6 345_050000000000000_OTE_1967 |7 0 |8 A |9 288608 |a BIBDER |b BIBDER |d 2019-11-19 |h v.4 |i 1869051 |o 345.05 OTE 1967 |p 1869051 |r 2019-11-19 |w 2019-11-19 |y BK |k DER | ||